Who's who of indian musicians / (Record no. 136159)

MARC details
000 -LEADER
fixed length control field 00657nam a22002177a 4500
003 - CONTROL NUMBER IDENTIFIER
control field dpl
005 - DATE AND TIME OF LATEST TRANSACTION
control field 20170124110255.0
008 - FIXED-LENGTH DATA ELEMENTS--GENERAL INFORMATION
fixed length control field 161212b xxu||||| |||| 00| 0 eng d
010 ## - LIBRARY OF CONGRESS CONTROL NUMBER
LC control number 528802
035 ## - SYSTEM CONTROL NUMBER
System control number 528802
037 ## - SOURCE OF ACQUISITION
Stock number Cen Lib/Ret
040 ## - CATALOGING SOURCE
Original cataloging agency DPL
Language of cataloging EN
Transcribing agency TIT
082 ## - DEWEY DECIMAL CLASSIFICATION NUMBER
Classification number 920
Item number WHO
110 ## - MAIN ENTRY--CORPORATE NAME
Subordinate unit New Delhi. Sangeet Natak Akademi
9 (RLIN) 112562
245 ## - TITLE STATEMENT
Title Who's who of indian musicians /
Statement of responsibility, etc by Sangeet Natak Akademi.
260 ## - PUBLICATION, DISTRIBUTION, ETC. (IMPRINT)
Place of publication, distribution, etc New Delhi
Name of publisher, distributor, etc Sangeet Natak Akademi
Date of publication, distribution, etc 1968
300 ## - PHYSICAL DESCRIPTION
Extent 100p ;
Other physical details 24cm(Hb)
650 ## - SUBJECT ADDED ENTRY--TOPICAL TERM
Topical term or geographic name as entry element Musicians -- India -- Biography.
9 (RLIN) 112563
650 ## - SUBJECT ADDED ENTRY--TOPICAL TERM
Topical term or geographic name as entry element Musicians
Form subdivision India
9 (RLIN) 112564
942 ## - ADDED ENTRY ELEMENTS (KOHA)
Source of classification or shelving scheme Dewey Decimal Classification
Koha item type English Books
Classification part 920
Call number suffix WHO
Holdings
Withdrawn status Lost status Source of classification or shelving scheme Damaged status Not for loan Home library Current library Date acquired Source of acquisition Total Checkouts Full call number Barcode Date last seen Copy number Price effective from Koha item type
    Dewey Decimal Classification     Central Library Central Library 22/12/2015 Cen Lib/Ret   920 WHO 528802 22/12/2015 1 22/12/2015 English Books

© Delhi Public Library
Hit Counter
free hit counter